Central Library OPAC University of Rajshahi

চতুর্থ শিল্পবিপ্লব দার্শনিক ভাবনা / (Record no. 79468)

MARC details
000 -LEADER
fixed length control field 01243nam a2200277 a 4500
001 - CONTROL NUMBER
control field 79468
003 - CONTROL NUMBER IDENTIFIER
rucl marc code BD-RjUL
005 - DATE AND TIME OF LATEST TRANSACTION
control field 20220228113823.0
008 - FIXED-LENGTH DATA ELEMENTS--GENERAL INFORMATION
fixed length control field 220228s2020 bg ||||| |||| 00| 0 eng d
020 ## - INTERNATIONAL STANDARD BOOK NUMBER
International Standard Book Number 9847000004192
Terms of availability :Tk.250.00
035 ## - SYSTEM CONTROL NUMBER
System control number (BD-RjUL)79468
040 ## - CATALOGING SOURCE
Original cataloging agency BD-RjUL
Language of cataloging eng
Transcribing agency BD-RjUL
041 ## - LANGUAGE CODE
Language code of text/sound track or separate title ben
082 ## - DEWEY DECIMAL CLASSIFICATION NUMBER
Edition number 23
Classification number 338.064
Author mark and year NUC 2020
100 ## - MAIN ENTRY--PERSONAL NAME
Personal name নূরুজ্জামান, মোঃ
245 ## - TITLE STATEMENT
Title চতুর্থ শিল্পবিপ্লব দার্শনিক ভাবনা /
Statement of responsibility, etc. মোঃ নূরুজ্জামান
260 ## - PUBLICATION, DISTRIBUTION, ETC. (IMPRINT)
Place of publication, distribution, etc. ঢাকা :
Name of publisher, distributor, etc. জাতীয় সাহিত্য প্রকাশ,
Date of publication, distribution, etc. ২০২০
300 ## - PHYSICAL DESCRIPTION
Pagination ১২৮ পৃ.;
Size ২২ সেমি.
650 ## - SUBJECT ADDED ENTRY--TOPICAL TERM
Topical term or geographic name as entry element প্রযুক্তিগত উদ্ভাবন
General subdivision অর্থনৈতিক দিক
9 (RLIN) 1609
Topical term or geographic name as entry element Technological innovations
General subdivision Economic aspects
9 (RLIN) 1610
Topical term or geographic name as entry element প্রযুক্তিগত উদ্ভাবন
General subdivision সামাজিক দিক
9 (RLIN) 1611
Topical term or geographic name as entry element Technological innovations
General subdivision Social aspects
9 (RLIN) 1612
Topical term or geographic name as entry element প্রযুক্তি এবং সভ্যতা
9 (RLIN) 1613
Topical term or geographic name as entry element Technology and civilization
9 (RLIN) 1614
942 ## - ADDED ENTRY ELEMENTS (KOHA)
Source of classification or shelving scheme Dewey Decimal Classification
Koha item type Books
Holdings
Lost status Source of classification or shelving scheme Damaged status Not for loan Collection code Permanent Location Current Location Shelving location Date acquired Source of acquisition Cost, normal purchase price Full call number Date last seen Copy number Koha item type Total Checkouts Date checked out
  Dewey Decimal Classification   Not For Loan Non-fiction Central Library, University of Rajshahi Central Library, University of Rajshahi Reading Room 25/01/2022 Jatiya Sahitya Prakash, Dhaka 175.00 B 338.064 NUC 2020 28/02/2022 C-1 Books    
  Dewey Decimal Classification     Non-fiction Central Library, University of Rajshahi Central Library, University of Rajshahi General Stacks 25/01/2022 Jatiya Sahitya Prakash, Dhaka 175.00 B 338.064 NUC 2020 02/04/2023 C-2 Books 2 28/02/2023